Medagliere Olimpiadi invernali Sarajevo 1984 - Statistics

Statistiche generali
  • Questo quiz è stato fatto 2 volte
  • Il punteggio medio è 9 su 10
Statistiche sulle risposte
Medaglie d'Oro Medaglie d'Argento Medaglie di Bronzo Medaglie complessive Rappresentativa olimpica % Corretto
2 1 1 4 Canada
100%
4 3 6 13 Finlandia
100%
9 9 6 24 Germania Est
100%
2 1 1 4 Germania Ovest
100%
3 2 4 9 Norvegia
100%
4 4 0 8 Stati Uniti
100%
4 2 2 8 Svezia
100%
2 2 1 5 Svizzera
100%
0 2 4 6 Cecoslovacchia
50%
6 10 9 25 Unione Sovietica
0%
Nessun quiz corrispondente trovato
Distribuzione punteggi
Percentuale di utenti per punteggio
Percentile per numero di risposta
I tuoi punteggi nel tempo
Non hai fatto questo quiz